| 000 | 00724nas a2200241 454500 | ||
|---|---|---|---|
| 001 | 39640 | ||
| 005 | 20260407193510.0 | ||
| 008 | 260407s2012####ag###########|||spa#d | ||
| 003 | AR-UNSa-BCEJYS | ||
| 040 |
_aAR-UNSa-BCEJYS _bspa _cAR-UNSa-BCEJYS |
||
| 080 |
_a62 _xIngeniería. Tecnología en general |
||
| 245 | 1 | 0 | _aIngenio & Desarrollo |
| 264 | 1 |
_aSalta : _bFundación COPAIPA _c2012 |
|
| 310 | _aFrecuencia: Anual | ||
| 041 | _aspa | ||
| 942 | _cSER | ||
| 590 | _aniveau_biblio:s niveau_hierar:1 | ||
| 100 | 1 | _aFundación COPAIPA | |
| 650 | _aMinería | ||
| 650 | _aIngeniería | ||
| 650 | _aEDUCACION SUPERIOR | ||
| 856 | 4 | 1 |
_uhttps://biblioeco.unsa.edu.ar/pmb/images/revistas/R20386.jpg _yImagen de portada _qimage/jpeg |
| 999 |
_c8846 _d8846 |
||